ბათუმის შოთა რუსთაველის სახელმწიფო უნივერსიტეტის ბიბლიოთეკა

ბრილიანტები პროლეტარიატის დიქტატურისათვის (ბიბ.ჩანაწერი № 50219)

000 -LEADER
fixed length control field 00904nam a2200229Ia 4500
001 - CONTROL NUMBER
control field 17157
003 - CONTROL NUMBER IDENTIFIER
control field GE_BSU
008 - FIXED-LENGTH DATA ELEMENTS--GENERAL INFORMATION
fixed length control field 181216s||||||||xx |||||||||||||| ||und||
040 ## - CATALOGING SOURCE
Transcribing agency GE_BSU
080 ## - UNIVERSAL DECIMAL CLASSIFICATION NUMBER
Universal Decimal Classification number 821.161.1-31
100 ## - MAIN ENTRY--PERSONAL NAME
Personal name სემიონოვი, იულიან
245 ## - TITLE STATEMENT
Title ბრილიანტები პროლეტარიატის დიქტატურისათვის
245 ## - TITLE STATEMENT
Remainder of title რომანი
245 ## - TITLE STATEMENT
Statement of responsibility, etc. თარგმანი ბ. ასათიანისა. რედ. მ.კაკაბაძე
260 ## - PUBLICATION, DISTRIBUTION, ETC.
Place of publication, distribution, etc. თბილისი
260 ## - PUBLICATION, DISTRIBUTION, ETC.
Name of publisher, distributor, etc. საქ. კპ. ცკ-ის გამ-ბა
260 ## - PUBLICATION, DISTRIBUTION, ETC.
Date of publication, distribution, etc. 1974
300 ## - PHYSICAL DESCRIPTION
Extent 333გვ. ; 20სმ.
653 ## - INDEX TERM--UNCONTROLLED
Uncontrolled term ბრილიანტები პროლეტარიატის დიქტატურისათვის
653 ## - INDEX TERM--UNCONTROLLED
Uncontrolled term რომანი
942 ## - ADDED ENTRY ELEMENTS (KOHA)
Koha item type წიგნი
ეგზემპლარები
Withdrawn status Lost status Damaged status Not for loan Date acquired Barcode Date last seen Price effective from Koha item type
        2018-12-17 21526 2018-12-17 2018-12-17 წიგნი
        2018-12-17 21527 2018-12-17 2018-12-17 წიგნი
        2018-12-17 21528 2018-12-17 2018-12-17 წიგნი
        2018-12-17 21839 2018-12-17 2018-12-17 წიგნი
        2018-12-17 21840 2018-12-17 2018-12-17 წიგნი